000 00659nam a22002177a 4500
999 _c2955
_d2955
003 AR-CdUCM
008 190305b ||||| |||| 00| 0 spa d
040 _aMUNICIPALIDAD PROVINCIAL DEL CUSCO
_cBIBLIOTECA MUNICIPAL DEL CUSCO
082 _a828.91 /
_bC81
100 _aConrad, Joseph
_910127
245 _aEl Colono de Malata /
260 _a[Santiago] :
_bEmpresa Letras.
300 _a96 páginas ;
_c18 cm.
500 _aDonación de la familia NIeto.
650 _aNovela inglesa
_9365
650 _aSiglo XX
_98
650 _aJosé Conrad
_910128
650 _aNarrativa contemporánea - Inglesa
_910129
942 _2ddc
_cLIBROS
945 _alccs